Rozhodnutie zvyšujúce kredibilitu Slovenskej republiky
Operácie v Afganistane predstavujú v súčasnosti kľúčovú misiu Severoatlantickej aliancie. Snaha o vytvorenie základných podmienok pre stabilizáciu a rekonštrukciu Afganistanu. Účasť slovenských vojakov v misii spojencov, rozhodnutie o zvýšení až o 100 percent počtu vyslaných príslušníkov ozbrojených...
Gespeichert in:
| 1. Verfasser: | |
|---|---|
| Format: | Buchkapitel |
| Sprache: | Slowakisch |
| Schlagworte: | |
| Tags: |
Keine Tags, Fügen Sie das erste Tag hinzu!
|
MARC
| LEADER | 00000naa$a2200000$$$4500 | ||
|---|---|---|---|
| 001 | 0069298 | ||
| 005 | 20240502071834.2 | ||
| 041 | 0 | |a slo | |
| 044 | |a SK | ||
| 245 | 1 | 0 | |a Rozhodnutie zvyšujúce kredibilitu Slovenskej republiky |c Peter Weiss |
| 520 | |a Operácie v Afganistane predstavujú v súčasnosti kľúčovú misiu Severoatlantickej aliancie. Snaha o vytvorenie základných podmienok pre stabilizáciu a rekonštrukciu Afganistanu. Účasť slovenských vojakov v misii spojencov, rozhodnutie o zvýšení až o 100 percent počtu vyslaných príslušníkov ozbrojených síl. | ||
| 610 | 2 | 0 | |a Afganistan |
| 610 | 2 | 0 | |a terorizmus |
| 610 | 2 | 0 | |a sily ozbrojené |
| 610 | 2 | 0 | |a Slovensko |
| 100 | 1 | |a Weiss, Peter | |